[Event "AUTO-ADV-4867"]
[Site "http://www.queenalice.com/game.php?id=1864093"]
[Date "2025.10.10"]
[Round "2"]
[White "matamuff"]
[Black "marcoswerneck"]
[Result "0-1"]
[WhiteElo "1909"]
[BlackElo "1905"]

1. Na3 e5 2. Nc4 d6 3. e4 Be6 4. Ne3 a6 5. Nf3 h6 6. d4 exd4 7. Nxd4 Bd7 8. Bd3
Be7 9. O-O g5 10. Nef5 Bf6 11. c3 Bxd4 12. cxd4 Bxf5 13. exf5 Qf6 14. Bd2 d5 15.
Qf3 Ne7 16. Rae1 Nc6 17. Bc3 O-O-O 18. Bc2 Rdg8 19. Re3 h5 20. Ba4 g4 21. Qe2 b5
22. Bc2 h4 23. a3 g3 24. fxg3 h3 25. b4 hxg2 26. Kxg2 Qh4 27. Rh1 Qh3+ 28. Kg1
Rh4 29. Be1 Nxd4 30. Qf2 Rh5 31. Qg2 Qxg2+ 32. Kxg2 Nexf5 33. Rc3 Nxc2 34. Bf2
Ncd4 35. Rd3 Ne2 36. Re1 Nf4+ 0-1

[Event "AUTO-ADV-4867"]
[Site "http://www.queenalice.com/game.php?id=1864094"]
[Date "2025.10.10"]
[Round "2"]
[White "marcoswerneck"]
[Black "matamuff"]
[Result "1-0"]
[WhiteElo "1916"]
[BlackElo "1900"]

1. e4 d6 2. d3 g6 3. Be3 Bg7 4. Be2 Nd7 5. Nf3 e6 6. Bd4 Ne7 7. Bxg7 Rg8 8. Bd4
h6 9. Nc3 Nc6 10. Qd2 Nxd4 11. Nxd4 Qg5 12. Qxg5 hxg5 13. Ndb5 Kd8 14. Bg4 Nb6
15. O-O-O a6 16. Nd4 f5 17. exf5 gxf5 18. Be2 Bd7 19. h3 Ke7 20. Nf3 Bc6 21. Rh2
Rae8 22. g3 Na4 23. Nxa4 Bxa4 24. d4 Bd7 25. Bc4 Bb5 26. Bxb5 axb5 27. Nd2 Kd8
28. Nb3 b6 29. h4 g4 30. h5 Rh8 31. h6 Rh7 32. Kb1 Reh8 33. Rdh1 Kd7 34. Nc1 Ke7
35. Nd3 Kf6 36. Nf4 Re8 37. b3 d5 38. a3 Ra8 39. Kb2 Rah8 40. Nh5+ Kg6 41. Nf4+
Kf6 42. Re1 Re8 43. Nh5+ Kg6 44. Nf4+ Kf7 45. Rh5 Re7 46. Kc3 Kf6 47. Re3 Re8
48. f3 c6 49. fxg4 fxg4 50. Ree5 Ree7 51. Rh4 c5 52. Nh5+ Kg6 53. Rxg4+ Kxh6 54.
Nf4 Re8 55. Rh5# 1-0

[Event "AUTO-ADV-4867"]
[Site "http://www.queenalice.com/game.php?id=1864095"]
[Date "2025.10.10"]
[Round "2"]
[White "matamuff"]
[Black "Tartenfou93"]
[Result "0-1"]
[WhiteElo "1869"]
[BlackElo "2060"]

1. Na3 Nf6 2. Nf3 d5 3. e3 c5 4. d3 Nc6 5. c3 e5 6. Ng1 Bd6 7. Nb1 Bf5 8. Ne2
O-O 9. Nd2 Bxd3 10. b3 e4 11. g3 Ne5 12. Bg2 g5 13. Bb2 c4 14. O-O h5 15. Re1
Nfg4 16. h3 Nh6 17. Nd4 g4 18. h4 Qf6 19. Bf1 Nf5 20. a4 Bxf1 21. Rxf1 Nd3 22.
Bc1 Qe5 23. bxc4 Nxg3 24. fxg3 Qxg3+ 25. Kh1 Qh2# 0-1

[Event "AUTO-ADV-4867"]
[Site "http://www.queenalice.com/game.php?id=1864096"]
[Date "2025.10.10"]
[Round "2"]
[White "Tartenfou93"]
[Black "matamuff"]
[Result "1-0"]
[WhiteElo "2055"]
[BlackElo "1874"]

1. d4 d6 2. e4 g6 3. f4 Nh6 4. h3 Bg7 5. Nf3 f6 6. e5 d5 7. exf6 exf6 8. Nc3 a6
9. Qe2+ Kf7 10. Kf2 c6 11. Nh2 Re8 12. Qf3 Nf5 13. g4 Nxd4 14. Qd3 f5 15. Be2
Qh4+ 16. Kg2 Nxe2 17. Nxe2 Qe7 18. Re1 Qe4+ 19. Qxe4 Rxe4 20. c3 c5 21. Bd2 Nd7
22. gxf5 gxf5 23. Nf3 Bf6 24. Ng3 Nf8 25. Nxe4 dxe4 26. Ne5+ Bxe5 27. fxe5 Be6
28. b3 Ng6 29. Rad1 Nxe5 30. Be3 Rg8+ 31. Kh1 Nf3 32. Re2 b6 33. Rg2 Rc8 34. Bh6
1-0

[Event "AUTO-ADV-4899"]
[Site "http://www.queenalice.com/game.php?id=1864570"]
[Date "2025.10.20"]
[Round "1"]
[White "dosoldini"]
[Black "matamuff"]
[Result "1-0"]
[WhiteElo "1607"]
[BlackElo "1894"]

1. e4 d6 2. Be2 g6 3. d3 Bg7 4. Nc3 a6 5. Nf3 e6 6. h3 Ne7 7. d4 Nd7 8. Bd2 b5
9. d5 e5 10. O-O O-O 11. b4 Nf6 12. Nh2 Kh8 13. f4 Neg8 14. f5 Bd7 15. Ng4 Nh5
16. Qe1 Nhf6 17. Qh4 Nxg4 18. Qxg4 f6 19. Qh4 g5 20. Qg4 Nh6 21. Qh5 Qe8 22.
Qxe8 Rfxe8 23. Bh5 Re7 24. h4 gxh4 25. Bxh6 Bxh6 26. Ne2 Be8 27. Bg4 Rg7 28. Bf3
Bf4 29. Nxf4 exf4 30. Kf2 Bf7 31. Rh1 Rag8 32. Rag1 Rg3 33. Rxh4 R8g7 34. Rxf4
R7g5 35. Rh1 h5 36. Bg4 Kg7 37. Kxg3 hxg4 38. Rxg4 Rxg4+ 39. Kxg4 Be8 40. Rh3
Bf7 41. Kf4 Kf8 42. Rh6 Kg7 43. Rh4 Kg8 44. g4 Kg7 45. g5 Be8 46. g6 c6 47. Rh7+
Kg8 48. Re7 Kf8 49. Rxe8+ Kxe8 50. Kg4 cxd5 51. exd5 Kf8 52. Kh5 Kg7 53. c3 Kh8
54. Kh6 Kg8 55. g7 1-0

[Event "AUTO-ADV-4899"]
[Site "http://www.queenalice.com/game.php?id=1864571"]
[Date "2025.10.20"]
[Round "1"]
[White "matamuff"]
[Black "dosoldini"]
[Result "1-0"]
[WhiteElo "1893"]
[BlackElo "1678"]

1. Na3 e5 2. Nc4 Nc6 3. e4 d5 4. exd5 Qxd5 5. Qf3 e4 6. Qg3 Nd4 7. Rb1 Ne6 8.
Qe5 Qc5 9. Qxc5 Nxc5 10. Ne2 Be6 11. Ne3 Be7 12. b3 a5 13. Bb2 Bd6 14. Nd4 Be5
15. Nxe6 Bxb2 16. Nxc7+ Ke7 17. Nxa8 Be5 18. Nb6 Nf6 19. Nbd5+ Nxd5 20. Nxd5+
Kd6 21. Ne3 g6 22. Nc4+ Kc6 23. Nxe5+ 1-0

[Event "AUTO-ADV-4899"]
[Site "http://www.queenalice.com/game.php?id=1864582"]
[Date "2025.10.20"]
[Round "1"]
[White "Fischercat"]
[Black "matamuff"]
[Result "1-0"]
[WhiteElo "1814"]
[BlackElo "1850"]

1. e4 d6 2. d4 g6 3. c3 Bg7 4. h3 a6 5. Be3 e6 6. Nf3 Ne7 7. Bd3 Nd7 8. Nbd2 b5
9. O-O Bb7 10. Nb3 h6 11. Qd2 Kf8 12. Na5 Rb8 13. Nxb7 Rxb7 14. b4 Kg8 15. a3
Kh7 16. Qe2 Rf8 17. h4 Ng8 18. h5 e5 19. hxg6+ fxg6 20. g3 Ngf6 21. Kg2 Rf7 22.
Rh1 Ng4 23. Ng5+ Kg8 24. Nxf7 Nxe3+ 25. Qxe3 Kxf7 26. Rh4 Nf8 27. Rah1 Qg5 28.
Qf3+ Qf6 29. Qg4 c6 30. Qc8 Qe7 31. Qxc6 Ra7 32. f4 Qc7 33. Qd5+ Ke8 34. dxe5
Qb7 35. Qxd6 Qc7 36. f5 Bxe5 37. Qd5 h5 38. fxg6 Bxg3 39. Rxh5 Qf4 40. Rf1 Qg4
41. Rxf8+ Kxf8 42. Qd8+ 1-0

[Event "AUTO-ADV-4899"]
[Site "http://www.queenalice.com/game.php?id=1864583"]
[Date "2025.10.20"]
[Round "1"]
[White "matamuff"]
[Black "Fischercat"]
[Result "1-0"]
[WhiteElo "1862"]
[BlackElo "1823"]

1. Na3 e5 2. Nc4 d6 3. e4 Be6 4. Nf3 Nf6 5. d3 Bxc4 6. dxc4 Nxe4 7. Bd3 Nc5 8.
Be2 Be7 9. O-O Nc6 10. c3 e4 11. Nd4 O-O 12. Nxc6 bxc6 13. Be3 d5 14. Qc2 Rb8
15. b4 Ne6 16. a3 d4 17. cxd4 Nxd4 18. Bxd4 Qxd4 19. Rfd1 Qe5 20. Rab1 c5 21. b5
Qe6 22. a4 Bd8 23. Rd5 c6 24. bxc6 Rxb1+ 25. Qxb1 e3 26. Qd3 exf2+ 27. Kxf2 Qf6+
28. Qf3 Qxf3+ 29. Bxf3 Bb6 30. Rd7 Rd8 31. Rb7 g6 32. c7 Rc8 33. Rb8 1-0

[Event "AUTO-ADV-4899"]
[Site "http://www.queenalice.com/game.php?id=1864588"]
[Date "2025.10.20"]
[Round "1"]
[White "Pin"]
[Black "matamuff"]
[Result "1-0"]
[WhiteElo "2026"]
[BlackElo "1876"]

1. e4 d6 2. Nc3 g6 3. f4 Nh6 4. Nf3 Bg7 5. Bc4 a6 6. O-O O-O 7. d3 e6 8. Qe1 Nd7
9. Qg3 b5 10. Bb3 Nc5 11. f5 Nxb3 12. axb3 Bb7 13. fxg6 fxg6 14. Qh3 Nf7 15.
Qxe6 Qc8 16. Qxc8 Raxc8 17. Be3 Ne5 18. Nxe5 Rxf1+ 19. Rxf1 dxe5 20. g4 Rf8 21.
Rxf8+ Kxf8 22. Kf2 c6 23. Bc5+ Kf7 24. b4 Bh6 25. h4 Bf8 26. Kf3 Bxc5 27. bxc5
h6 28. b4 Bc8 29. Ne2 Be6 30. c3 Ke7 31. d4 Kd7 32. g5 hxg5 33. hxg5 Bc4 34. Ng3
Ke6 35. Nh1 Bf1 36. Nf2 Bc4 37. Ng4 Bb3 38. Nxe5 Bd1+ 39. Kf4 Bb3 40. Nxc6 Kd7
41. Ne5+ 1-0

[Event "AUTO-ADV-4899"]
[Site "http://www.queenalice.com/game.php?id=1864589"]
[Date "2025.10.20"]
[Round "1"]
[White "matamuff"]
[Black "Pin"]
[Result "0-1"]
[WhiteElo "1833"]
[BlackElo "2004"]

1. Na3 Nf6 2. Nf3 g6 3. b3 Bg7 4. Bb2 O-O 5. c4 d5 6. cxd5 Nxd5 7. Bxg7 Kxg7 8.
e4 Nb4 9. Nc2 Nd3+ 10. Bxd3 Qxd3 11. Ne3 Qxe4 12. O-O Be6 13. Qc2 Qxc2 14. Nxc2
c5 15. Ne5 Nd7 16. Nxd7 Bxd7 17. Ne3 e6 18. Rac1 b6 19. d4 cxd4 20. Nc4 Bb5 21.
Rfd1 Bxc4 22. Rxc4 e5 23. Rd3 Rfe8 24. f3 Re7 25. Kf2 f5 26. Rc2 Rd8 27. Rcd2
Kf6 28. Rc3 Red7 29. Rc6+ Rd6 30. Rc7 R6d7 31. Rc6+ Rd6 32. Rc7 R8d7 33. Rc8 e4
34. fxe4 fxe4 35. Rd1 e3+ 36. Ke2 Ke5 37. Re8+ Re6 38. Rc8 Ke4 39. Rc4 Rf6 40.
Rf1 Rxf1 41. Kxf1 Rf7+ 42. Ke1 Rf2 43. Rc7 Kd3 44. Rxa7 Rxg2 45. Kf1 Rxh2 46.
Kg1 Rb2 47. Kf1 e2+ 0-1

[Event "AUTO-ADV-4901"]
[Site "http://www.queenalice.com/game.php?id=1864925"]
[Date "2025.10.29"]
[Round "1"]
[White "matamuff"]
[Black "Capixabba789"]
[Result "0-1"]
[WhiteElo "1824"]
[BlackElo "1972"]

1. Na3 e5 2. Nc4 d6 3. e4 Nc6 4. d3 f5 5. exf5 Bxf5 6. c3 Nf6 7. Nf3 Be7 8. h3
O-O 9. Nh4 Be6 10. Ne3 Nd5 11. Nf3 Bh4 12. Be2 Qf6 13. Nxd5 Bxd5 14. O-O Bxf3
15. Bxf3 Rad8 16. Be3 d5 17. d4 e4 18. Be2 Bg5 19. Bb5 Bf4 20. Bxc6 Qxc6 21. Qg4
Bd6 22. a3 Rd7 23. f4 Rdf7 24. g3 Qe8 25. Rf2 a6 26. b4 Rf6 27. Rg2 Rg6 28. Qe2
Qd7 29. Kh2 Rh6 30. g4 Qd8 31. Qf2 g5 32. Qa2 Kh8 33. Rf1 Rh4 34. Qe2 Qf6 35.
Qf2 gxf4 36. Bxf4 Bxf4+ 37. Qxf4 Qxf4+ 38. Rxf4 Rxf4 39. Kg3 Rf3+ 40. Kxh4 Rxc3
41. a4 Rc4 42. b5 Rxa4 43. bxa6 Rxa6 44. Rb2 Rb6 45. Rc2 c6 46. Kh5 Rb4 47. Ra2
Kg7 48. Ra7 e3 49. Ra3 e2 50. Re3 Rb2 51. Kh4 b5 52. Kg5 Rd2 53. Kf5 Rxd4 54.
Rxe2 Re4 55. Rc2 Rc4 56. Re2 b4 57. Rb2 d4 58. Ke4 c5 59. Kd5 Rc3 60. Rb1 d3 61.
h4 d2 62. Rd1 Rc2 63. g5 b3 0-1

[Event "AUTO-ADV-4901"]
[Site "http://www.queenalice.com/game.php?id=1864926"]
[Date "2025.10.29"]
[Round "1"]
[White "Capixabba789"]
[Black "matamuff"]
[Result "0-1"]
[WhiteElo "1932"]
[BlackElo "1876"]

1. d4 d6 2. e4 g6 3. c4 Bg7 4. Nc3 a6 5. f4 e6 6. Nf3 Nh6 7. Bd3 f6 8. O-O O-O
9. Be3 Nf7 10. Kh1 b6 11. Rc1 Nd7 12. b3 Bb7 13. a4 e5 14. fxe5 dxe5 15. d5 Nc5
16. Bxc5 bxc5 17. Ne2 Bc8 18. Ng3 Bg4 19. Qe1 Bh6 20. Qf2 Bxf3 21. Qxf3 Bg7 22.
Qf2 Nd6 23. Qxc5 Qb8 24. Bc2 Qb6 25. Qa3 Qe3 26. Rce1 Qd2 27. Re2 Qd4 28. Ref2
Rf7 29. Bd1 h5 30. Bf3 f5 31. exf5 Nxf5 32. Nxf5 Rxf5 33. d6 e4 34. Bxe4 Rxf2
35. Rxf2 Qd1+ 0-1

[Event "AUTO-ADV-4902"]
[Site "http://www.queenalice.com/game.php?id=1865102"]
[Date "2025.11.3"]
[Round "1"]
[White "matamuff"]
[Black "chessman"]
[Result "0-1"]
[WhiteElo "1865"]
[BlackElo "2076"]

1. Na3 e5 2. Nc4 Bc5 3. e4 d6 4. d3 Nf6 5. Be3 Bxe3 6. Nxe3 O-O 7. Nf3 a6 8. h3
Nc6 9. Be2 b5 10. c3 Bb7 11. O-O d5 12. exd5 Nxd5 13. Nd2 Nxe3 14. fxe3 Qg5 15.
e4 f5 16. Rxf5 Rxf5 17. Bf3 Rf7 18. Nf1 Ne7 19. Qc1 Qxc1 20. Rxc1 Ng6 21. g3
Rxf3 22. Rd1 Raf8 23. b3 Rxf1+ 24. Rxf1 Rxf1+ 25. Kxf1 Kf7 26. Ke2 Bc8 27. h4 c5
28. b4 cxb4 29. cxb4 Ne7 30. Ke3 Nc6 31. Kd2 Nxb4 32. a3 Nc6 33. Kc3 a5 34. Kd2
Nd4 0-1

[Event "AUTO-ADV-4902"]
[Site "http://www.queenalice.com/game.php?id=1865103"]
[Date "2025.11.3"]
[Round "1"]
[White "chessman"]
[Black "matamuff"]
[Result "1/2-1/2"]
[WhiteElo "2044"]
[BlackElo "1868"]

1. e4 d6 2. d4 g6 3. Bd3 Bg7 4. c3 a6 5. Nf3 e6 6. O-O Ne7 7. Re1 Nd7 8. h3 O-O
9. Nbd2 b5 10. Nf1 Bb7 11. Bd2 h6 12. Ng3 Kh7 13. Qc2 c5 14. Rad1 c4 15. Be2 g5
16. e5+ Ng6 17. exd6 Nf6 18. Ne5 Qxd6 19. Bh5 Nxh5 20. Nxg6 fxg6 21. Nxh5 Rf5
22. Nxg7 Kxg7 23. Be3 Bd5 24. Re2 Raf8 25. Rde1 R8f6 26. f3 Bxf3 27. gxf3 Qg3+
28. Kh1 Rxf3 29. d5 Qxh3+ 30. Rh2 Rf1+ 31. Rxf1 Qxf1+ 1/2-1/2

[Event "AUTO-ADV-4902"]
[Site "http://www.queenalice.com/game.php?id=1865105"]
[Date "2025.11.3"]
[Round "1"]
[White "EdsonEstevam"]
[Black "matamuff"]
[Result "1/2-1/2"]
[WhiteElo "1725"]
[BlackElo "1772"]

1. e4 d6 2. d4 g6 3. Nf3 Bg7 4. Nc3 a6 5. Bc4 e6 6. d5 e5 7. Bg5 Ne7 8. h3 h6 9.
Bxe7 Qxe7 10. a4 b6 11. b4 O-O 12. Bb3 Nd7 13. Ne2 Nf6 14. Qd3 Bb7 15. c4 c5 16.
bxc5 bxc5 17. a5 Bc8 18. Rb1 Bd7 19. O-O Rab8 20. Nc3 Rb4 21. Na2 Rbb8 22. Nc3
Nh5 23. Qe3 g5 24. Bd1 Nf4 25. Kh2 Rxb1 26. Nxb1 Qd8 27. Nc3 Ng6 28. Ba4 Bxa4
29. Nxa4 f5 30. exf5 Rxf5 31. Nb6 Ne7 32. Rb1 Nc8 33. Qb3 Nxb6 34. Qxb6 Qxb6 35.
Rxb6 e4 36. Nd2 Be5+ 37. Kg1 Bc3 38. Nb3 e3 39. fxe3 Re5 40. Rxd6 Rxe3 41. Kf1
Re4 42. Rxa6 Rxc4 43. Rxh6 Bb4 44. a6 Re4 45. a7 Re8 46. Ra6 Ra8 47. Ke2 Kf8 48.
d6 Ke8 49. g3 Kd7 50. h4 gxh4 51. gxh4 Kc8 52. Rc6+ Kd7 53. Ra6 Kc8 54. Nxc5
Bxc5 55. Rc6+ Kd7 56. Rxc5 Kxd6 57. Ra5 Ke6 58. Kf3 Kf6 59. Kg4 Kg6 60. h5+ Kh6
61. Ra6+ Kh7 62. h6 Kh8 63. Kg5 Kh7 64. Ra1 Rg8+ 65. Kh5 Ra8 66. Ra6 Kg8 67. Kg6
Kh8 68. h7 Rxa7 69. Rxa7 1/2-1/2

[Event "AUTO-MASTER-3287"]
[Site "http://www.queenalice.com/game.php?id=1865142"]
[Date "2025.11.4"]
[Round "1"]
[White "matamuff"]
[Black "Capixaba789"]
[Result "1/2-1/2"]
[WhiteElo "1867"]
[BlackElo "1882"]

1. Na3 d5 2. Nf3 Bf5 3. d3 f6 4. Bf4 e6 5. h3 Bd6 6. Bxd6 Qxd6 7. Nh4 Bg6 8.
Nxg6 hxg6 9. e4 Ne7 10. Be2 Nbc6 11. c3 d4 12. c4 e5 13. Nc2 O-O-O 14. Qd2 Kb8
15. b4 Nc8 16. a4 f5 17. Bf3 f4 18. a5 g5 19. b5 N6e7 20. Qb4 Qxb4+ 21. Nxb4 Ng6
22. Kd2 Nd6 23. a6 b6 24. Nc6+ Kc8 25. Nxd8 Kxd8 26. Bg4 Nh4 27. Rhg1 Rf8 28. f3
1/2-1/2

[Event "AUTO-MASTER-3287"]
[Site "http://www.queenalice.com/game.php?id=1865143"]
[Date "2025.11.4"]
[Round "1"]
[White "Capixaba789"]
[Black "matamuff"]
[Result "1/2-1/2"]
[WhiteElo "1912"]
[BlackElo "1874"]

1. d4 d6 2. e4 g6 3. f4 Bg7 4. Nf3 a6 5. Be2 Nh6 6. O-O f6 7. c4 O-O 8. Nc3 Nf7
9. Nd5 c6 10. Ne3 Nd7 11. Bd2 Qc7 12. Rb1 e5 13. fxe5 dxe5 14. d5 c5 15. Bc3 Nd6
16. a3 Nb6 17. b3 Bd7 18. a4 Nbc8 19. Qe1 Nxe4 20. Ba1 Ncd6 21. Kh1 Nf7 22. Bd3
Neg5 23. Nxg5 fxg5 24. Bc3 Nh6 25. Qg3 g4 26. Rfe1 Rae8 27. Be4 Rf4 28. Bc2 Ref8
29. Rf1 Rxf1+ 30. Rxf1 Rxf1+ 31. Nxf1 Bf5 32. Bxf5 gxf5 33. Nd2 f4 34. Qe1 Nf5
35. Ne4 Qe7 36. Bb2 b6 37. Qd2 Nd6 38. Nxd6 Qf8 39. Ne4 1/2-1/2

[Event "AUTO-MASTER-3287"]
[Site "http://www.queenalice.com/game.php?id=1865146"]
[Date "2025.11.4"]
[Round "1"]
[White "matamuff"]
[Black "rmvwoods"]
[Result "0-1"]
[WhiteElo "1814"]
[BlackElo "2055"]

1. Na3 e5 2. Nc4 Nc6 3. e4 b5 4. Ne3 a6 5. Nf3 Nf6 6. d3 Be7 7. Nh4 O-O 8. Nhf5
Bb7 9. c3 g6 10. Nxe7+ Nxe7 11. h3 d5 12. exd5 Nexd5 13. Qc2 Nf4 14. f3 N6h5 15.
Bd2 Qh4+ 16. Kd1 Ng3 17. Rh2 Nxf1 18. Nxf1 Qf2 19. Ne3 Qg1+ 20. Be1 Qxh2 21. Nf1
Qxg2 22. Qxg2 Nxg2 23. Bg3 Nf4 24. Bxf4 Bxf3+ 25. Ke1 exf4 26. Kf2 Bb7 27. Nd2
g5 28. Rg1 f6 29. h4 h6 30. Nf3 Bxf3 31. Kxf3 Kh7 32. h5 Rfe8 33. d4 Re3+ 34.
Kf2 Rh3 35. Re1 Rxh5 36. Kf3 Rh2 37. Rb1 Re8 38. Kg4 Kg6 39. a3 Re3 40. Rg1 h5#
0-1

[Event "AUTO-ADV-4886"]
[Site "http://www.queenalice.com/game.php?id=1865930"]
[Date "2025.11.20"]
[Round "2"]
[White "Capixaba789"]
[Black "matamuff"]
[Result "0-1"]
[WhiteElo "1778"]
[BlackElo "1772"]

1. d4 d6 2. e4 g6 3. c4 Bg7 4. f4 Nh6 5. Nf3 Bg4 6. Bd3 e6 7. O-O O-O 8. Be3 f6
9. Nc3 Nf7 10. Qe1 Bxf3 11. Rxf3 Nd7 12. Qf1 a6 13. Re1 c6 14. e5 f5 15. d5 cxd5
16. cxd5 Nc5 17. Bxc5 dxc5 18. dxe6 Nh6 19. Kh1 b5 20. Nxb5 axb5 21. Bxb5 Qb6
22. a4 Kh8 23. e7 Rfe8 24. Bxe8 Rxe8 25. Rb1 Rxe7 26. b3 Nf7 27. Qc4 Nd8 28. h3
Ne6 29. Qd5 Qd8 30. Rd1 Qxd5 31. Rxd5 h6 32. Rd6 Kh7 33. Kg1 Nd4 34. Rd3 h5 35.
R6xd4 cxd4 36. Rxd4 Rb7 37. b4 Kh6 38. b5 Bf8 39. Rc4 Be7 40. Rc6 Rb6 41. Rxb6
Bc5+ 42. Kf1 Bxb6 43. Ke2 g5 44. g3 g4 45. hxg4 hxg4 46. Kd3 Kg7 47. Kc4 Bf2 48.
a5 Bxg3 49. a6 Bf2 50. Kd5 g3 51. Kc6 g2 52. b6 Bxb6 53. Kxb6 g1=Q+ 54. Kb7 Qb1+
55. Kc8 Qb6 0-1

[Event "AUTO-ADV-4886"]
[Site "http://www.queenalice.com/game.php?id=1865931"]
[Date "2025.11.20"]
[Round "2"]
[White "matamuff"]
[Black "Capixaba789"]
[Result "1/2-1/2"]
[WhiteElo "1778"]
[BlackElo "1806"]

1. Na3 e5 2. Nc4 e4 3. d3 d5 4. Ne3 d4 5. Nc4 b5 6. Na3 b4 7. Nc4 Bf5 8. e3 Nf6
9. exd4 Qxd4 10. Ne3 Bc5 11. Ne2 Qd7 12. d4 Bb6 13. Nxf5 Qxf5 14. Ng3 Qe6 15.
Be2 O-O 16. O-O Nbd7 17. b3 Rad8 18. Qe1 Bxd4 19. Rb1 Ne5 20. Bb2 c5 21. c3 bxc3
22. Bxc3 Nd3 23. Bxd3 exd3 24. Rd1 Qd5 25. Bxd4 Qxd4 26. Rd2 Rfe8 27. Qc1 Ne4
28. Nxe4 Rxe4 29. Re1 h6 30. Rxe4 Qxe4 31. Kf1 Qe5 32. Qe1 Qxe1+ 33. Kxe1 Re8+
34. Kf1 Rd8 35. g3 f5 36. f4 Kf7 37. Kf2 Kf6 38. Kf3 g5 39. Ke3 g4 40. Rxd3 Re8+
41. Kd2 Re6 42. Rd5 Rc6 43. Rd7 a6 44. Kc3 Ke6 45. Rh7 Kd5 46. Re7 Rf6 47. Re5+
Kc6 48. Kc4 1/2-1/2

[Event "AUTO-ADV-4886"]
[Site "http://www.queenalice.com/game.php?id=1865932"]
[Date "2025.11.20"]
[Round "2"]
[White "Carlos19"]
[Black "matamuff"]
[Result "1/2-1/2"]
[WhiteElo "1598"]
[BlackElo "1779"]

1. e4 d6 2. Bc4 g6 3. Nf3 Bg7 4. Nc3 a6 5. d3 e6 6. h3 Nd7 7. O-O Ne7 8. b4 b5
9. Bb3 Bb7 10. Bd2 h6 11. a4 O-O 12. axb5 c6 13. bxa6 Bxa6 14. Bc4 Bxc4 15. dxc4
Qc7 16. Rxa8 Rxa8 17. Qe2 Kh7 18. Rb1 Ng8 19. Qe1 Ngf6 20. Ra1 Rxa1 21. Qxa1
Nxe4 22. g4 Nxd2 23. Nxd2 d5 24. Qa3 Nb6 25. Qb3 dxc4 26. Nxc4 Bxc3 27. Qxc3 Nd5
28. Qe5 Qe7 29. c3 Qa7 30. Kg2 Qc7 31. Qxc7 Nxc7 32. Nd6 Kg7 33. Nc8 Kf6 34. f3
Nd5 1/2-1/2